000 01125cam a22003014a 4500
001 12346881
005 20241218180624.0
008 010314s2002 caua b 001 0 eng
020 _a9780534589950
050 0 0 _aQP141
_b.W458 2002
082 0 0 _a613.2
_221
100 1 _aWhitney, Eleanor Noss.
245 1 0 _aUnderstanding normal and clinical nutrition /
_cEleanor Noss Whitney, Corinne Balog Cataldo, Sharon Rady Rolfes.
250 _a6th ed.
260 _aBelmont, CA :
_bWadsworth,
_cc2002.
300 _axxiv, 875, [246] p. :
_bcol. ill. ;
_c28 cm.
650 0 _aNutrition.
650 0 _aDiet therapy.
650 0 _aDietetics.
650 1 2 _aNutrition.
650 2 2 _aDiet Therapy.
700 1 _aCataldo, Corinne Balog.
700 1 _aRolfes, Sharon Rady.
856 4 1 _3Table of contents only
_uhttp://www.loc.gov/catdir/enhancements/fy1409/2001026056-t.html
856 4 2 _3Publisher description
_uhttp://www.loc.gov/catdir/enhancements/fy1409/2001026056-d.html
856 4 2 _3Contributor biographical information
_uhttp://www.loc.gov/catdir/enhancements/fy1409/2001026056-b.html
942 _2lcc
_cBK
_e6th ed.
_n0
999 _c2461
_d2461